| 000 | 02320nam a2200433 i 4500 | ||
|---|---|---|---|
| 003 | DO-SdBNP | ||
| 005 | 20250320123140.0 | ||
| 006 | a||||gr|||| 00| 0 | ||
| 007 | ta | ||
| 008 | 240624e2014 sp ||||| |||| 00| 0 spa d | ||
| 020 | _a9789942078063 | ||
| 040 |
_aDO-SdBNP _bspa _cBNPHU _erda |
||
| 041 | _hspa, eng | ||
| 082 | 4 |
_222 _bA265c |
|
| 100 | 1 |
_aAgee, Philip, _973077 _eautor |
|
| 245 | 1 | 3 |
_aLa CIA contra América Latina = The CIA against Latin America _bcaso especial: Ecuador = special case: Ecuador / _cPhilip Agee, Jaime Galarza Zavala, Francisco Herrera Aráuz. |
| 246 | 1 | 1 |
_aThe CIA against Latin America : _bspecial case Ecuador |
| 264 | 1 |
_aQuito, Ecuador : _bMinisterio de Relaciones Exteriores y Movilidad Humana, _c2014 |
|
| 300 |
_a222 páginas : _bilustraciones, fotografías ; _c15 cm. |
||
| 336 |
_2rdacontent _atexto _btxt |
||
| 337 |
_2rdamedia _asin mediación _bn |
||
| 338 |
_2rdacarrier _avolumen _bnc |
||
| 490 | _aArchivo Histórico. | ||
| 490 |
_aCuaderno ; _v2 |
||
| 500 | _aBreves datos sobre el autor de la entrevista, Dr. Francisco Herrera Araúz, página 115 (español) y 107 (inglés). | ||
| 501 | _aCon: Dos obras publicadas en una misma encuadernación compartiendo paginación contínua. | ||
| 505 |
_aRazón de Ser.-- Una guía necesaria. _gPrimera parte. _tJaime Galarza Zavala entrevista a Philip Agee / _rBreves datos sobre Jaime Galarza.-- _gSegunda parte. _tConferencia de Philip Agee ante el Tribunal Antiimperialista de nuesta América, Managua, octubre de 1983.-- _gTercera parte. _tPhillp Agee: el Hombre que "Torció" la historia del Ecuador / _rEntrevista por Francisco Herrera Aráuz.-- _tBreves datos sobre el autor de la entrevista. |
||
| 546 | _aObra publicada en dos idiomas: español e inglés. | ||
| 590 | _aInventariado 2024 / MF | ||
| 650 | 0 |
_aEntrevistas (Periodismo) _911043 |
|
| 650 | 4 |
_aRelaciones Internacionales _vEntrevistas (Periodismo) _911036 |
|
| 650 |
_aEspionaje _zAmérica Latina _vEntrevista _931415 |
||
| 650 | 4 |
_aEntrevista _zEcuador _930080 |
|
| 700 | 1 | 2 |
_aAgee, Philip, _tThe CIA against Latin America -special case: Ecuador _985761 |
| 700 | 1 | 2 |
_aAgee, Philip, _tLa CIA contra América Latina, caso especial: Ecuador _985763 |
| 700 | 1 | 2 |
_4Galarza Zavala, jaime, _eautor |
| 700 | 1 | 2 |
_4Francisco, Herrera Aráuz, _eautor |
| 942 |
_2ddc _cLBS1 |
||
| 999 |
_c56940 _d56940 |
||